Quiz o Paczkowie - Statystyki

Ogólne statystyki
  • Ten quiz został rozwiązany 2 razy
  • Średni wynik to 5 z 18
Statystyki odpowiedzi
Wskazówka Odpowiedź % Poprawnych
Dwa zbiorniki wodne pomiędzy którymi leży miasto Jezioro {Otmuchowskie}
100%
Dwie rzeki w mieście Nysa Kłodzka
100%
Tablice rejestracyjne ONY
100%
Klub piłkarski Sparta Paczków
100%
Linia kolejowa przebiegająca przez Paczków (nazwa potoczna) Magistrala Podsudecka
50%
Województwo z którym graniczy Paczków Województwo {Dolnośląskie}
50%
Kod pocztowy 48-370
0%
Burmistrz miasta Artur Rolka
0%
Przedmiot który trzyma orzeł na herbie Paczkowa, symbol pokoju Gałąź oliwna
0%
Dwie rzeki w mieście Kamienna
0%
Muzeum w mieście Muzeum {Gazownictwa}
0%
Dewiza miasta (przetłumaczona na polski) Na początku było słowo
0%
Niemiecka nazwa miasta Patschkau
0%
Dawne przejście graniczne niedaleko Paczkowa Przejście Graniczne {Paczków-Bily Potok}
0%
Jak są nazywanie mury obronne miasta? Śląskie Carcassonne
0%
Nazwa cegielni w Paczkowie Wienerberger
0%
Polski samorządowiec, prezydent Kłodzka, pracował w Paczkowie Wojciech Matuszewski
0%
Dwa zbiorniki wodne pomiędzy którymi leży miasto Zalew {Paczkowski}
0%
Nie znaleziono quizów pasujących do podanych kryteriów
Rozkład punktacji
Procent ludzi z każdym wynikiem
Percentyl według liczby udzielonych odpowiedzi
Twoja historia wyników
Nie rozwiązałeś tego quizu